|
|
|
|
| LEADER |
01425nam a2200313 a 4500 |
| 001 |
688738 |
| 005 |
20070126095614.0 |
| 008 |
110226s1997 nyua b 101 0 eng d |
| 010 |
|
|
|a 96004668
|
| 020 |
|
|
|a 0471148903 (cloth : acid-free paper)
|
| 040 |
|
|
|a DLC
|c DLC
|d DLC
|b D-DhAAL
|
| 050 |
0 |
0 |
|a QA276.4
|b .M23 1997
|
| 082 |
0 |
0 |
|a 006.3/1/015195
|2 20
|
| 245 |
0 |
0 |
|a Machine learning and statistics :
|b the interface /
|c edited by G. Nakhaeizadeh, C.C. Taylor.
|
| 260 |
|
|
|a New York :
|b Wiley,
|c c1997.
|
| 300 |
|
|
|a xvii, 343 p. :
|b ill. ;
|c 24 cm.
|
| 490 |
0 |
|
|a Sixth-generation computer technology series
|
| 500 |
|
|
|a Papers from a workshop which followed the European Conference on Machine Learning (ECML-94), which took place in Catania, Sicily.
|
| 500 |
|
|
|a "A Wiley-Interscience publication."
|
| 504 |
|
|
|a Includes bibliographical references and index.
|
| 541 |
1 |
|
|e 00013400
|
| 650 |
|
0 |
|a Mathematical statistics
|x Data processing
|x Congresses.
|
| 650 |
|
0 |
|a Machine learning
|x Congresses.
|
| 700 |
1 |
|
|a Nakhaeizadeh, Gholamreza.
|
| 700 |
1 |
|
|a Taylor, C. C.
|q (Charles C.)
|
| 711 |
2 |
|
|a European Conference on Machine Learning
|d (1994 :
|c Catania, Italy)
|
| 852 |
4 |
|
|a Ayesha Abed Library
|j General shelf.
|
| 999 |
|
|
|c 10485
|d 10485
|
| 952 |
|
|
|0 0
|1 0
|2 ddc
|4 0
|6 006_310151950000000_MAC
|7 0
|9 14459
|a BRACUL
|b BRACUL
|c GEN
|d 2011-02-26
|g 1430.00
|l 3
|m 65
|o 006.31015195 MAC
|p 3010013400
|q 2025-10-30
|r 2023-10-30
|s 2023-10-30
|t 1
|w 2011-02-26
|y BK
|